Movies by Picture - D - Statistics

General Stats
  • This quiz has been taken 1,120 times
  • The average score is 11 of 16
Answer Stats
Picture Answer % Correct
Dumbo
94%
Dune
91%
The Dark Knight
90%
Dirty Dancing
88%
Dumb and Dumber
84%
The Devil Wears Prada
84%
Die Hard
82%
Django Unchained
79%
The Da Vinci Code
77%
Dunkirk
57%
Dirty Harry
54%
The Departed
49%
Dead Poets Society
47%
Dr. No
47%
The Deer Hunter
35%
Death on the Nile
30%
No matching quizzes found
Score Distribution
Percent of People with Each Score
Percentile by Number Answered
Your Score History
You have not taken this quiz